Nuclear India (Record no. 22708)
[ view plain ]
| 000 -LEADER | |
|---|---|
| fixed length control field | 00922nam a22002777a 4500 |
| 005 - DATE AND TIME OF LATEST TRANSACTION | |
| control field | 20090131111723.0 |
| 008 - FIXED-LENGTH DATA ELEMENTS--GENERAL INFORMATION | |
| fixed length control field | 980921s1998 ii a 000 0 eng |
| 022 ## - INTERNATIONAL STANDARD SERIAL NUMBER | |
| International Standard Serial Number | 09929-5523 |
| 040 ## - CATALOGING SOURCE | |
| Original cataloging agency | DLC |
| Transcribing agency | DLC |
| 043 ## - GEOGRAPHIC AREA CODE | |
| Geographic area code | a-ii--- |
| 245 ## - TITLE STATEMENT | |
| Title | Nuclear India |
| 260 ## - PUBLICATION, DISTRIBUTION, ETC. (IMPRINT) | |
| Place of publication, distribution, etc | Mumbai |
| Name of publisher, distributor, etc | Public-Awareness Division, DAE |
| Date of publication, distribution, etc | 2008- |
| 300 ## - PHYSICAL DESCRIPTION | |
| Extent | v. |
| Other physical details | ill. ; |
| Dimensions | 24 cm. |
| 310 ## - CURRENT PUBLICATION FREQUENCY | |
| Current publication frequency | bio-monthly |
| 520 ## - SUMMARY, ETC. | |
| Summary, etc | Contributed articles. |
| 590 ## - LOCAL NOTE (RLIN) | |
| Local note | In English. |
| 650 ## - SUBJECT ADDED ENTRY--TOPICAL TERM | |
| Topical term or geographic name as entry element | Nuclear weapons |
| General subdivision | Government policy |
| Geographic subdivision | India. |
| 650 ## - SUBJECT ADDED ENTRY--TOPICAL TERM | |
| Topical term or geographic name as entry element | Nuclear energy |
| General subdivision | Government policy |
| Geographic subdivision | India. |
| 651 ## - SUBJECT ADDED ENTRY--GEOGRAPHIC NAME | |
| Geographic name | India |
| General subdivision | Military policy. |
| 700 ## - ADDED ENTRY--PERSONAL NAME | |
| Personal name | Jasjit Singh. |
| 710 ## - ADDED ENTRY--CORPORATE NAME | |
| Corporate name or jurisdiction name as entry element | Institute for Defence Studies and Analyses. |
| 906 ## - LOCAL DATA ELEMENT F, LDF (RLIN) | |
| a | 7 |
| b | ibc |
| c | orignew |
| d | 2 |
| e | ncip |
| f | 19 |
| g | y-gencatlg |
| 942 ## - ADDED ENTRY ELEMENTS (KOHA) | |
| Source of classification or shelving scheme | Dewey Decimal Classification |
| Item type | Periodicals |
| Serial record | 1 |
| Withdrawn status | Lost status | Source of classification or shelving scheme | Damaged status | Not for loan | Collection code | Home library | Current library | Date acquired | Total Checkouts | Date last seen | Price effective from | Koha item type |
|---|---|---|---|---|---|---|---|---|---|---|---|---|
| Dewey Decimal Classification | Not For Loan | Non-fiction | D.B.Act.Division | D.B.Act.Division | 31/01/2009 | 31/01/2009 | 31/01/2009 | Periodicals |
